000 00646nam a2200229Ia 4500
003 OSt
005 20220928130652.0
006 a|||||r|||| 00| 0
007 ta
008 220927b |||||||| |||| 00| 0 eng d
024 _a35648
037 _cTextual
040 _aSDCL
_cSDCL
_beng
041 _2eng
_aeng
082 _aT8.1'N9, N9
100 _aGuri-Rosenblit Sarah
_9475382
245 0 _aDistance and campus universities
_b Tensions and interactions.
260 _aPergamon
_bIAU Press
_c1999
300 _axxii,290p.
_ccm.
942 _hT8.1'N9, N9
_cTEXL
_2CC
999 _c787899
_d787899